000 00742nam a22002057a 4500
005 20120725142432.0
010 _aG-002056
020 _a7099300799
_c225.00
035 _aG-002056
037 _adpl
_bGift
082 _a302
100 _aGladwell, Malcolm.
_950429
245 _aThe Tipping Point;
_bhow little things can make a difference/
_cby Malcolm Gladwell
260 _aU.S.A
_bLittle, Brown and Company
_c2001
270 _bU.S.A
300 _a280 p.
_bindex
_c18 cm.
942 _2ddc
_cEN
_h302
_mGLA
999 _c68660
_d68660